000 00209 a2200097 4500
001 24638
100 _aTillett, J
245 _aPractical Comprehension
260 _a
_bHutchinson
_c1966
090 _c16629
_d16629
942 _aNUST-CAE
_cM
_c7368
999 _c259711
_d259711